<?xml version="1.0" encoding="UTF-8"?>
<marc:record xmlns:marc="http://www.loc.gov/MARC21/slim" type="Bibliographic">
   <marc:leader>00000nam a22000008c 4500</marc:leader>
   <marc:controlfield tag="001">1185902279</marc:controlfield>
   <marc:controlfield tag="003">DE-101</marc:controlfield>
   <marc:controlfield tag="005">20200414213559.0</marc:controlfield>
   <marc:controlfield tag="007">tu</marc:controlfield>
   <marc:controlfield tag="008">190511s2020    gw ||||| |||| 00||||ger  </marc:controlfield>
   <marc:datafield ind1=" " ind2=" " tag="015">
      <marc:subfield code="a">19,N20</marc:subfield>
      <marc:subfield code="2">dnb</marc:subfield>
   </marc:datafield>
   <marc:datafield ind1="7" ind2=" " tag="016">
      <marc:subfield code="2">DE-101</marc:subfield>
      <marc:subfield code="a">1185902279</marc:subfield>
   </marc:datafield>
   <marc:datafield ind1=" " ind2=" " tag="020">
      <marc:subfield code="a">9783404179374</marc:subfield>
      <marc:subfield code="c">Broschur EUR 11.00(DE), EUR 11.40 (AT), CHF 15.50 (freier Preis)</marc:subfield>
      <marc:subfield code="9">978-3-404-17937-4</marc:subfield>
   </marc:datafield>
   <marc:datafield ind1=" " ind2=" " tag="020">
      <marc:subfield code="a">3404179374</marc:subfield>
      <marc:subfield code="9">3-404-17937-4</marc:subfield>
   </marc:datafield>
   <marc:datafield ind1="3" ind2=" " tag="024">
      <marc:subfield code="a">9783404179374</marc:subfield>
   </marc:datafield>
   <marc:datafield ind1="5" ind2="2" tag="028">
      <marc:subfield code="a">Bestellnummer: 17937</marc:subfield>
   </marc:datafield>
   <marc:datafield ind1=" " ind2=" " tag="035">
      <marc:subfield code="a">(DE-599)DNB1185902279</marc:subfield>
   </marc:datafield>
   <marc:datafield ind1=" " ind2=" " tag="035">
      <marc:subfield code="a">(OCoLC)1101386134</marc:subfield>
   </marc:datafield>
   <marc:datafield ind1=" " ind2=" " tag="040">
      <marc:subfield code="a">1145</marc:subfield>
      <marc:subfield code="b">ger</marc:subfield>
      <marc:subfield code="c">DE-101</marc:subfield>
      <marc:subfield code="d">9999</marc:subfield>
   </marc:datafield>
   <marc:datafield ind1=" " ind2=" " tag="041">
      <marc:subfield code="a">ger</marc:subfield>
   </marc:datafield>
   <marc:datafield ind1=" " ind2=" " tag="044">
      <marc:subfield code="c">XA-DE-NW</marc:subfield>
   </marc:datafield>
   <marc:datafield ind1="7" ind2="4" tag="082">
      <marc:subfield code="8">1\p</marc:subfield>
      <marc:subfield code="a">830</marc:subfield>
      <marc:subfield code="a">B</marc:subfield>
      <marc:subfield code="q">DE-101</marc:subfield>
      <marc:subfield code="2">23sdnb</marc:subfield>
   </marc:datafield>
   <marc:datafield ind1="1" ind2=" " tag="100">
      <marc:subfield code="a">Weiß, Sabine</marc:subfield>
      <marc:subfield code="e">Verfasser</marc:subfield>
      <marc:subfield code="4">aut</marc:subfield>
   </marc:datafield>
   <marc:datafield ind1="1" ind2="0" tag="245">
      <marc:subfield code="a">&#x98;Der&#x9c; Chirurg und die Spielfrau</marc:subfield>
      <marc:subfield code="b">historischer Roman</marc:subfield>
      <marc:subfield code="c">Sabine Weiß</marc:subfield>
   </marc:datafield>
   <marc:datafield ind1=" " ind2=" " tag="250">
      <marc:subfield code="a">1. Auflage 2020</marc:subfield>
   </marc:datafield>
   <marc:datafield ind1=" " ind2=" " tag="259">
      <marc:subfield code="a">11</marc:subfield>
   </marc:datafield>
   <marc:datafield ind1=" " ind2="1" tag="264">
      <marc:subfield code="a">Köln</marc:subfield>
      <marc:subfield code="b">Bastei Lübbe</marc:subfield>
      <marc:subfield code="c">2020</marc:subfield>
   </marc:datafield>
   <marc:datafield ind1=" " ind2=" " tag="300">
      <marc:subfield code="a">589 Seiten</marc:subfield>
      <marc:subfield code="c">18.6 cm x 12.5 cm</marc:subfield>
   </marc:datafield>
   <marc:datafield ind1=" " ind2=" " tag="336">
      <marc:subfield code="a">Text</marc:subfield>
      <marc:subfield code="b">txt</marc:subfield>
      <marc:subfield code="2">rdacontent</marc:subfield>
   </marc:datafield>
   <marc:datafield ind1=" " ind2=" " tag="337">
      <marc:subfield code="a">ohne Hilfsmittel zu benutzen</marc:subfield>
      <marc:subfield code="b">n</marc:subfield>
      <marc:subfield code="2">rdamedia</marc:subfield>
   </marc:datafield>
   <marc:datafield ind1=" " ind2=" " tag="338">
      <marc:subfield code="a">Band</marc:subfield>
      <marc:subfield code="b">nc</marc:subfield>
      <marc:subfield code="2">rdacarrier</marc:subfield>
   </marc:datafield>
   <marc:datafield ind1=" " ind2=" " tag="653">
      <marc:subfield code="a">(Produktform)Paperback / softback</marc:subfield>
   </marc:datafield>
   <marc:datafield ind1=" " ind2=" " tag="653">
      <marc:subfield code="a">(Lesealter)ab 16 bis 99 Jahre</marc:subfield>
   </marc:datafield>
   <marc:datafield ind1=" " ind2=" " tag="653">
      <marc:subfield code="a">(BISAC Subject Heading)FIC002000</marc:subfield>
   </marc:datafield>
   <marc:datafield ind1=" " ind2=" " tag="653">
      <marc:subfield code="a">(BISAC Subject Heading)FIC014000</marc:subfield>
   </marc:datafield>
   <marc:datafield ind1=" " ind2=" " tag="653">
      <marc:subfield code="a">Mittelalter (8.-15. Jh.)</marc:subfield>
   </marc:datafield>
   <marc:datafield ind1=" " ind2=" " tag="653">
      <marc:subfield code="a">Deutschland</marc:subfield>
   </marc:datafield>
   <marc:datafield ind1=" " ind2=" " tag="653">
      <marc:subfield code="a">Frankreich</marc:subfield>
   </marc:datafield>
   <marc:datafield ind1=" " ind2=" " tag="653">
      <marc:subfield code="a">Italien</marc:subfield>
   </marc:datafield>
   <marc:datafield ind1=" " ind2=" " tag="653">
      <marc:subfield code="a">Mittelalter</marc:subfield>
   </marc:datafield>
   <marc:datafield ind1=" " ind2=" " tag="653">
      <marc:subfield code="a">Medizin</marc:subfield>
   </marc:datafield>
   <marc:datafield ind1=" " ind2=" " tag="653">
      <marc:subfield code="a">Medicus</marc:subfield>
   </marc:datafield>
   <marc:datafield ind1=" " ind2=" " tag="653">
      <marc:subfield code="a">Chirurgie</marc:subfield>
   </marc:datafield>
   <marc:datafield ind1=" " ind2=" " tag="653">
      <marc:subfield code="a">Chirugicus</marc:subfield>
   </marc:datafield>
   <marc:datafield ind1=" " ind2=" " tag="653">
      <marc:subfield code="a">Spielfrau</marc:subfield>
   </marc:datafield>
   <marc:datafield ind1=" " ind2=" " tag="653">
      <marc:subfield code="a">Kreuzzug</marc:subfield>
   </marc:datafield>
   <marc:datafield ind1=" " ind2=" " tag="653">
      <marc:subfield code="a">Katharer</marc:subfield>
   </marc:datafield>
   <marc:datafield ind1=" " ind2=" " tag="653">
      <marc:subfield code="a">Ketzer</marc:subfield>
   </marc:datafield>
   <marc:datafield ind1=" " ind2=" " tag="653">
      <marc:subfield code="a">Sklaverei</marc:subfield>
   </marc:datafield>
   <marc:datafield ind1=" " ind2=" " tag="653">
      <marc:subfield code="a">Sklavin</marc:subfield>
   </marc:datafield>
   <marc:datafield ind1=" " ind2=" " tag="653">
      <marc:subfield code="a">Stedinger</marc:subfield>
   </marc:datafield>
   <marc:datafield ind1=" " ind2=" " tag="653">
      <marc:subfield code="a">Wesermarsch</marc:subfield>
   </marc:datafield>
   <marc:datafield ind1=" " ind2=" " tag="653">
      <marc:subfield code="a">Stedingerkreuzzug</marc:subfield>
   </marc:datafield>
   <marc:datafield ind1=" " ind2=" " tag="653">
      <marc:subfield code="a">Weserbergland</marc:subfield>
   </marc:datafield>
   <marc:datafield ind1=" " ind2=" " tag="653">
      <marc:subfield code="a">Bremen</marc:subfield>
   </marc:datafield>
   <marc:datafield ind1=" " ind2=" " tag="653">
      <marc:subfield code="a">Corvey</marc:subfield>
   </marc:datafield>
   <marc:datafield ind1=" " ind2=" " tag="653">
      <marc:subfield code="a">Toulouse</marc:subfield>
   </marc:datafield>
   <marc:datafield ind1=" " ind2=" " tag="653">
      <marc:subfield code="a">Bologna</marc:subfield>
   </marc:datafield>
   <marc:datafield ind1=" " ind2=" " tag="653">
      <marc:subfield code="a">Marseille</marc:subfield>
   </marc:datafield>
   <marc:datafield ind1=" " ind2=" " tag="653">
      <marc:subfield code="a">Blindheit</marc:subfield>
   </marc:datafield>
   <marc:datafield ind1=" " ind2=" " tag="653">
      <marc:subfield code="a">historischer Roman</marc:subfield>
   </marc:datafield>
   <marc:datafield ind1=" " ind2=" " tag="653">
      <marc:subfield code="a">13. Jahrhundert</marc:subfield>
   </marc:datafield>
   <marc:datafield ind1=" " ind2=" " tag="653">
      <marc:subfield code="a">13. Jh</marc:subfield>
   </marc:datafield>
   <marc:datafield ind1=" " ind2=" " tag="653">
      <marc:subfield code="a">Sabine Weiss</marc:subfield>
   </marc:datafield>
   <marc:datafield ind1=" " ind2=" " tag="653">
      <marc:subfield code="a">Die Arznei der Könige</marc:subfield>
   </marc:datafield>
   <marc:datafield ind1=" " ind2=" " tag="653">
      <marc:subfield code="a">mittelalterlich</marc:subfield>
   </marc:datafield>
   <marc:datafield ind1=" " ind2=" " tag="653">
      <marc:subfield code="a">gefühlvoll</marc:subfield>
   </marc:datafield>
   <marc:datafield ind1=" " ind2=" " tag="653">
      <marc:subfield code="a">Albigenser</marc:subfield>
   </marc:datafield>
   <marc:datafield ind1=" " ind2=" " tag="653">
      <marc:subfield code="a">Mallorca</marc:subfield>
   </marc:datafield>
   <marc:datafield ind1=" " ind2=" " tag="653">
      <marc:subfield code="a">Genua</marc:subfield>
   </marc:datafield>
   <marc:datafield ind1=" " ind2=" " tag="653">
      <marc:subfield code="a">Kreuzritter</marc:subfield>
   </marc:datafield>
   <marc:datafield ind1=" " ind2=" " tag="653">
      <marc:subfield code="a">Chirurg von der Weser</marc:subfield>
   </marc:datafield>
   <marc:datafield ind1=" " ind2=" " tag="653">
      <marc:subfield code="a">Wilhelm de Congénis</marc:subfield>
   </marc:datafield>
   <marc:datafield ind1=" " ind2=" " tag="653">
      <marc:subfield code="a">Versfleth</marc:subfield>
   </marc:datafield>
   <marc:datafield ind1=" " ind2=" " tag="653">
      <marc:subfield code="a">Historische Romane</marc:subfield>
   </marc:datafield>
   <marc:datafield ind1=" " ind2=" " tag="653">
      <marc:subfield code="a">(BISAC Subject Heading)FIC002000</marc:subfield>
   </marc:datafield>
   <marc:datafield ind1=" " ind2=" " tag="653">
      <marc:subfield code="a">(VLB-WN)2113: Taschenbuch / Belletristik/Historische Romane, Erzählungen</marc:subfield>
   </marc:datafield>
   <marc:datafield ind1=" " ind2="7" tag="655">
      <marc:subfield code="0">(DE-101)1010836978</marc:subfield>
      <marc:subfield code="a">Historische Romane und Erzählungen</marc:subfield>
      <marc:subfield code="2">gatbeg</marc:subfield>
   </marc:datafield>
   <marc:datafield ind1="1" ind2=" " tag="700">
      <marc:subfield code="a">Weber, Markus</marc:subfield>
      <marc:subfield code="e">Illustrator</marc:subfield>
      <marc:subfield code="4">ill</marc:subfield>
   </marc:datafield>
   <marc:datafield ind1="2" ind2=" " tag="710">
      <marc:subfield code="0">(DE-588)1043076026</marc:subfield>
      <marc:subfield code="0">https://d-nb.info/gnd/1043076026</marc:subfield>
      <marc:subfield code="0">(DE-101)1043076026</marc:subfield>
      <marc:subfield code="a">Bastei Lübbe AG</marc:subfield>
      <marc:subfield code="e">Verlag</marc:subfield>
      <marc:subfield code="4">pbl</marc:subfield>
   </marc:datafield>
   <marc:datafield ind1="0" ind2="8" tag="776">
      <marc:subfield code="i">Erscheint auch als</marc:subfield>
      <marc:subfield code="n">Online-Ausgabe</marc:subfield>
      <marc:subfield code="z">9783732578214</marc:subfield>
   </marc:datafield>
   <marc:datafield ind1="0" ind2=" " tag="787">
      <marc:subfield code="i">In Beziehung stehende Ressource</marc:subfield>
      <marc:subfield code="z">9783404173211</marc:subfield>
   </marc:datafield>
   <marc:datafield ind1="0" ind2=" " tag="787">
      <marc:subfield code="i">In Beziehung stehende Ressource</marc:subfield>
      <marc:subfield code="z">9783404174812</marc:subfield>
   </marc:datafield>
   <marc:datafield ind1="0" ind2=" " tag="787">
      <marc:subfield code="i">In Beziehung stehende Ressource</marc:subfield>
      <marc:subfield code="z">9783404176465</marc:subfield>
   </marc:datafield>
   <marc:datafield ind1="4" ind2="2" tag="856">
      <marc:subfield code="m">X:MVB</marc:subfield>
      <marc:subfield code="q">text/html</marc:subfield>
      <marc:subfield code="u">http://deposit.dnb.de/cgi-bin/dokserv?id=93a178cf591c48b8b52bfe9ea14d9802&amp;prov=M&amp;dok_var=1&amp;dok_ext=htm</marc:subfield>
      <marc:subfield code="3">Inhaltstext</marc:subfield>
   </marc:datafield>
   <marc:datafield ind1="1" ind2=" " tag="883">
      <marc:subfield code="8">1\p</marc:subfield>
      <marc:subfield code="a">maschinell gebildet</marc:subfield>
      <marc:subfield code="d">20190511</marc:subfield>
      <marc:subfield code="q">DE-101</marc:subfield>
   </marc:datafield>
   <marc:datafield ind1="r" ind2=" " tag="925">
      <marc:subfield code="a">ra</marc:subfield>
   </marc:datafield>
   <marc:datafield ind1="w" ind2=" " tag="925">
      <marc:subfield code="a">f</marc:subfield>
   </marc:datafield>
   <marc:datafield ind1="1" ind2=" " tag="926">
      <marc:subfield code="a">FJH</marc:subfield>
      <marc:subfield code="o">93</marc:subfield>
      <marc:subfield code="q">Publisher</marc:subfield>
      <marc:subfield code="v">1.2</marc:subfield>
      <marc:subfield code="x">Historische Abenteuerromane</marc:subfield>
   </marc:datafield>
   <marc:datafield ind1="2" ind2=" " tag="926">
      <marc:subfield code="a">MBX</marc:subfield>
      <marc:subfield code="o">93</marc:subfield>
      <marc:subfield code="q">Publisher</marc:subfield>
      <marc:subfield code="v">1.2</marc:subfield>
      <marc:subfield code="x">Geschichte der Medizin</marc:subfield>
   </marc:datafield>
   <marc:datafield ind1="2" ind2=" " tag="926">
      <marc:subfield code="a">1DDF</marc:subfield>
      <marc:subfield code="o">94</marc:subfield>
      <marc:subfield code="q">Publisher</marc:subfield>
      <marc:subfield code="v">1.2</marc:subfield>
      <marc:subfield code="x">Frankreich</marc:subfield>
   </marc:datafield>
   <marc:datafield ind1="2" ind2=" " tag="926">
      <marc:subfield code="a">1DFG-DE-VB</marc:subfield>
      <marc:subfield code="o">94</marc:subfield>
      <marc:subfield code="q">Publisher</marc:subfield>
      <marc:subfield code="v">1.2</marc:subfield>
      <marc:subfield code="x">Bremen</marc:subfield>
   </marc:datafield>
   <marc:datafield ind1="2" ind2=" " tag="926">
      <marc:subfield code="a">1DST-IT-TGB</marc:subfield>
      <marc:subfield code="o">94</marc:subfield>
      <marc:subfield code="q">Publisher</marc:subfield>
      <marc:subfield code="v">1.2</marc:subfield>
      <marc:subfield code="x">Bologna</marc:subfield>
   </marc:datafield>
   <marc:datafield ind1="2" ind2=" " tag="926">
      <marc:subfield code="a">1DSE-ES-BAA</marc:subfield>
      <marc:subfield code="o">94</marc:subfield>
      <marc:subfield code="q">Publisher</marc:subfield>
      <marc:subfield code="v">1.2</marc:subfield>
      <marc:subfield code="x">Mallorca</marc:subfield>
   </marc:datafield>
   <marc:datafield ind1="2" ind2=" " tag="926">
      <marc:subfield code="a">3KLN</marc:subfield>
      <marc:subfield code="o">96</marc:subfield>
      <marc:subfield code="q">Publisher</marc:subfield>
      <marc:subfield code="v">1.2</marc:subfield>
      <marc:subfield code="x">13. Jahrhundert (1200 bis 1299 n. Chr.)</marc:subfield>
   </marc:datafield>
</marc:record>
